The best of portrait painting / (Record no. 21273)

000 -LEADER
fixed length control field 01016cam a2200289 a 4500
001 - CONTROL NUMBER
control field 2125180
005 - DATE AND TIME OF LATEST TRANSACTION
control field 20170121104624.0
008 - FIXED-LENGTH DATA ELEMENTS--GENERAL INFORMATION
fixed length control field 970612s1998 ohuc c 001 0 eng
010 ## - LIBRARY OF CONGRESS CONTROL NUMBER
LC control number 97023779
020 ## - INTERNATIONAL STANDARD BOOK NUMBER
International Standard Book Number 0891348514
050 00 - LIBRARY OF CONGRESS CALL NUMBER
Classification number ND1302 .B47 1998
245 04 - TITLE STATEMENT
Title The best of portrait painting /
Statement of responsibility, etc. edited by Rachel Rubin Wolf.
250 ## - EDITION STATEMENT
Edition statement 1st ed.
260 ## - PUBLICATION, DISTRIBUTION, ETC. (IMPRINT)
Place of publication, distribution, etc. Cincinnati, OH :
Name of publisher, distributor, etc. North Light Books,
Date of publication, distribution, etc. c1998.
300 ## - PHYSICAL DESCRIPTION
Extent 144 p. :
Other physical details col. ports. ;
Dimensions 32 cm.
500 ## - GENERAL NOTE
General note Includes index.
650 #0 - SUBJECT ADDED ENTRY--TOPICAL TERM
Topical term or geographic name as entry element Portrait painting
General subdivision Technique.
650 #0 - SUBJECT ADDED ENTRY--TOPICAL TERM
Topical term or geographic name as entry element Portraits
General subdivision Catalogs.
700 2# - ADDED ENTRY--PERSONAL NAME
Personal name Rubin Wolf, Rachel,
Dates associated with a name 1951-
942 ## - ADDED ENTRY ELEMENTS (KOHA)
Source of classification or shelving scheme
Koha item type Hard Covered Materials
Classification part ND1302 .B47 1998
Holdings
Withdrawn status Lost status Source of classification or shelving scheme Damaged status Not for loan Home library Current library Shelving location Date acquired Source of acquisition Total Checkouts Full call number Barcode Date last seen Price effective from Koha item type
          MACHAKOS UNIVERSITY LIBRARY MACHAKOS UNIVERSITY LIBRARY Technical section 21/01/2017 Donation(BFA)   ND1302 .B47 1998 31284 31/05/2018 21/01/2017 Hard Covered Materials
© Machakos University Library, Along The Highway, Machakos Wote Rd, Machakos, Kenya P.O. Box 136 - 90100 Machakos - Kenya

Tel: ( +254 ) 723 805829 OR Fax : 044-20353 OR Email: library@mksu.ac.ke